Stolice Państw Europy z 1836 roku - Statystyki

Ogólne statystyki
  • Ten quiz został rozwiązany 297 razy
  • Średni wynik to 24 z 38
Statystyki odpowiedzi
Państwo Stolica % Poprawnych
Wielka Brytania Londyn
99%
Królestwo Francji Paryż
99%
Dania Kopenhaga
98%
Hiszpania Madryt
98%
Królestwo Prus Berlin
97%
Kraków Kraków
97%
Królestwo Portugalii Lizbona
97%
Andora Andora
95%
Cesarstwo Austrii Wiedeń
95%
Szwecja Sztokholm
94%
Grecja Ateny
91%
Belgia Bruksela
90%
Holandia Amsterdam
89%
Monako Monako
89%
Luksemburg Luksemburg
88%
Szwajcaria Berno
87%
Państwo Kościelne Rzym
87%
Królestwo Serbii Belgrad
86%
Imperium Osmańskie Konstantynopol
85%
Imperium Rosyjskie Petersburg
85%
Królestwo Bawarii Monachium
82%
Czarnogóra Podgorica
68%
Królestwo Obojga Sycylii Neapol
59%
Księstwo Parmy i Piacenzy Parma
57%
Wielkie Księstwo Toskanii Florencja
46%
Królestwo Sardynii Turyn
43%
Lukka Lukka
40%
Wielkie Księstwo Oldenburga Oldenburg
30%
Arcybiskupstwo Moguncji Frankfurt
29%
Księstwo Holsztynu Kilonia
27%
Wirtembergia Stuttgart
23%
Meklemburgia Rostock
22%
Wołoszczyzna Braszów
3%
Wielkie Księstwo Badenii Fryburg
3%
Hesja Fulda
2%
Elektorat Saksonii Wittenberga
2%
Hospodarstwo Mołdawskie Botoszany
1%
Saksonia-anhalt Nordhausen
1%
Nie znaleziono quizów pasujących do podanych kryteriów
Rozkład punktacji
Procent ludzi z każdym wynikiem
Percentyl według liczby udzielonych odpowiedzi
Twoja historia wyników
Nie rozwiązałeś tego quizu